Csongrád-Csanád megye települései - Statistics

General Stats
  • This quiz has been taken 18 times
  • The average score is 28 of 60
Answer Stats
Válaszok % Correct
Hódmezővásárhely
100%
Makó
100%
Szeged
100%
Csongrád
76%
Szentes
76%
Apátfalva
71%
Deszk
71%
Kistelek
71%
Mórahalom
71%
Szatymaz
71%
Algyő
65%
Csanádpalota
65%
Földeák
65%
Röszke
65%
Sándorfalva
65%
Tiszasziget
65%
Mindszent
59%
Balástya
53%
Székkutas
53%
Ásotthalom
47%
Bordány
47%
Maroslele
47%
Mártély
47%
Ópusztaszer
47%
Szegvár
47%
Üllés
47%
Zsombó
47%
Domaszék
41%
Fábiánsebestyén
41%
Felgyő
41%
Forráskút
41%
Kiszombor
41%
Klárafalva
41%
Nagylak
41%
Pitvaros
41%
Pusztaszer
41%
Ruzsa
41%
Csengele
35%
Ferencszállás
35%
Nagymágocs
35%
Pusztamérges
35%
Tömörkény
35%
Baks
29%
Csanytelek
29%
Derekegyház
29%
Királyhegyes
29%
Kübekháza
29%
Magyarcsanád
29%
Óföldeák
29%
Zákányszék
29%
Ambrózfalva
24%
Kövegy
24%
Nagyér
24%
Öttömös
24%
Újszentiván
24%
Árpádhalom
18%
Dóc
18%
Eperjes
18%
Nagytőke
18%
Csanádalberti
12%
No matching quizzes found
Score Distribution
Percent of People with Each Score
Percentile by Number Answered
Your Score History
You have not taken this quiz